LEADER 00996nam2 22002533i 450 001 NAP0057601 005 20231121125557.0 100 $a20131217d1990 ||||0itac50 ba 101 | $agrc$ager 102 $ade 181 1$6z01$ai $bxxxe 182 1$6z01$an 200 1 $a˜3: œText 461 1$1001SBL0189706$12001 $aPaläographie der griechischen Papyri$ein drei Bänden$fvon Richard Seider$v3 463 1$1001NAP0057599$12001 $a˜1: œUrkundenschrift 1$emit einer Vorgeschichte zur Paläographie der griechischen Papyri$fvon Richard Seider$v1 801 3$aIT$bIT-01$c20131217 850 $aIT-FR0017 899 $aBiblioteca umanistica Giorgio Aprea$bFR0017 $eN 912 $aNAP0057601 950 2$aBiblioteca umanistica Giorgio Aprea$d 52S.SIJ. E4 PGP.Sei.3.1$d 52S.SIJ. S.S.L. 40.3.1$d 52SALA BRAGAS.S.L. 40.3.1$e 52ATE0000008105 VMN RS $fA $h20160923$i20160923 967 $m1 977 $a 52 996 $aText$9649997 997 $aUNICAS LEADER 01248nas 2200409 c 450 001 9910894900903321 005 20260218110317.0 035 $a(CKB)3790000000117317 035 $a(OCoLC)1155584552 035 $a(OCoLC)643886830 035 $a(DE-101)999957937 035 $a(DE-599)ZDB2536726-2 035 $a(DE-599)2536726-2 035 $a(EXLCZ)993790000000117317 100 $a20100202a19969999 |y | 101 0 $ager 135 $aur||||||||||| 181 $ctxt$2rdacontent 182 $cc$2rdamedia 183 $acr$2rdacarrier 200 00$aAmtsblatt$eGemeinsames Amts- und Mitteilungsblatt des Landkreises Saalfeld-Rudolstadt, der Städte Saalfeld, Rudolstadt und Bad Blankenburg 210 31$aSchleiz$cwgv Schleiz GmbH$d1996- 210 21$aSaalfeld [u.a.]$cLandkreis Saalfeld-Rudolstadt [u.a.]$dfru?her 215 $aOnline-Ressource 300 $aGesehen am 14.02.2020 517 $aAmtsblatt 608 $aZeitschrift$2gnd-content 608 $aAmtliche Publikation$2gnd-content 676 $a350 712 02$aLandkreis Saalfeld-Rudolstadt$4isb 801 0$b0027 801 1$bDE-101 801 2$b9999 906 $aJOURNAL 912 $a9910894900903321 996 $aAmtsblatt$91962033 997 $aUNINA